000 00811nab a2200241 u 4500
001 16675
003 HDC
007 cr bn ---aaaaa
008 210221c20070829xx dr|noo 0 a eng d
040 _aHDC
100 _aWoodberry Jr., Warren
_eauthor
_916393
245 0 _aIts Vendy Awards time again in NYC / by
_cWarren Woodberry Jr.
260 _a[No place] :
_b[publisher not identified],
_c2007
336 _atext
_2rdacontent
337 _acomputer
_2rdamedia
338 _aonline resource
_2rdacarrier
650 _aHalal food
_950
650 _aRestaurants
_92152
856 _zRequest full-text at [email protected]
942 _2lcc
942 _cNEWS
942 _kNWSO 005738
999 _c13991
_d13991